000 00485nam a2200157Ia 4500
999 _c19642
_d19642
003 OSt
005 20200609141427.0
008 190216s9999||||xx |||||||||||||| ||und||
040 _coclc
082 _a355.370954
_bLON/Y
100 _aLonger, V
_92687
245 0 _aYouth In Step History Of The National Cadet Corps /
_cV Longer
260 _bLancer International,
_c1983.
_aNew Delhi:
300 _a220p
942 _cBK
_2ddc
_h355.370954
_iLON/Y
_k355.370954
_mLON/Y